[Event "BEL-chT 2122"]
[Site "Belgium"]
[Date "2022.04.24"]
[Round "11.7"]
[White "Sarrau, Jelle"]
[Black "Hausrath, Daniel"]
[Result "1/2-1/2"]
[WhiteElo "2404"]
[BlackElo "2482"]
[PlyCount "73"]
[EventDate "2021.10.24"]
[EventType "team-tourn"]
[EventRounds "11"]
[EventCountry "BEL"]
[SourceTitle "EXT 2023"]
[Source "ChessBase"]
[SourceDate "2022.10.05"]
[SourceVersion "1"]
[SourceVersionDate "2022.10.05"]
[SourceQuality "1"]
[WhiteTeam "Liege Crelel"]
[BlackTeam "Wirtzfeld"]
[WhiteTeamCountry "BEL"]
[BlackTeamCountry "BEL"]

1. c4 Nf6 2. Nf3 g6 3. Nc3 Bg7 4. e4 d6 5. d4 0-0 6. h3 a6 7. Be3 c6 8. Be2 b5 9. e5 Nfd7 10. 0-0 bxc4 11. exd6 exd6 12. Bxc4 a5 13. Re1 Ba6 14. Bb3 Nf6 15. Bf4 Ra7 16. Qd2 Rb7 17. Rac1 Rb4 18. Bh6 Nbd7 19. Bxg7 Kxg7 20. Qf4 Nc5 21. Bc2 Ne6 22. Qh4 Nh5 23. Qxd8 Rxd8 24. Bb3 Nxd4 25. Nxd4 Rxd4 26. Re7 d5 27. Ra7 Bc4 28. Ba4 Nf4 29. b3 Rd3 30. Kh2 d4 31. Ne4 Bd5 32. Bxc6 Bxe4 33. Bxe4 Rc3 34. Rxc3 dxc3 35. Rc7 Rd4 36. Bf3 Rd2 37. Rxc3 1/2-1/2

[Event "EU-ch 22nd"]
[Site "Terme Catez"]
[Date "2022.03.31"]
[Round "5"]
[White "Fishchuk, Vladyslav"]
[Black "Sarrau, Jelle"]
[Result "0-1"]
[WhiteElo "1760"]
[BlackElo "2401"]
[PlyCount "102"]
[EventDate "2022.03.27"]
[EventType "swiss"]
[EventRounds "11"]
[EventCountry "SLO"]
[SourceTitle "CBM 208"]
[Source "ChessBase"]
[SourceDate "2022.06.30"]
[SourceVersion "1"]
[SourceVersionDate "2022.06.30"]
[SourceQuality "1"]

1. d4 Nf6 2. c4 e6 3. g3 Bb4+ 4. Bd2 a5 5. Bg2 d6 6. Nf3 Nbd7 7. 0-0 e5 8. Nc3 exd4 9. Nxd4 0-0 10. b3 Re8 11. e3 Ne5 12. Qc2 c6 13. h3 Bc5 14. Nce2 Bd7 15. Bc3 Qc8 16. Kh2 h5 17. Nf4 Qd8 18. Rad1 Qc8 19. Qb2 Bb4 20. a3 Bxc3 21. Qxc3 Qc7 22. Qc2 Rad8 23. Rd2 g6 24. Rfd1 Bc8 25. Qb2 a4 26. Nf3 axb3 27. Nxe5 dxe5 28. Rxd8 Rxd8 29. Rxd8+ Qxd8 30. Qxe5 Nd7 31. Qd4 Qf6 32. Qxf6 Nxf6 33. Nd3 Be6 34. Nb2 Nd7 35. h4 Kf8 36. Bf3 Ke7 37. Kg2 Nb6 38. Be2 Kd6 39. Kf1 Kc5 40. Ke1 Nxc4 41. Bxc4 Bxc4 42. Kd2 Bd5 43. Kc3 Be6 44. Nd3+ Kb5 45. Nc1 Ka4 46. Kb2 Bc4 47. f3 f5 48. e4 fxe4 49. fxe4 b6 50. e5 c5 51. Kc3 Kxa3 0-1

[Event "BEL-chT 2122"]
[Site "Belgium"]
[Date "2022.02.20"]
[Round "8.5"]
[White "Sarrau, Jelle"]
[Black "Cocquyt, Tijs"]
[Result "1-0"]
[WhiteElo "2404"]
[BlackElo "2064"]
[PlyCount "43"]
[EventDate "2021.10.24"]
[EventType "team-tourn"]
[EventRounds "11"]
[EventCountry "BEL"]
[SourceTitle "EXT 2023"]
[Source "ChessBase"]
[SourceDate "2022.10.05"]
[SourceVersion "1"]
[SourceVersionDate "2022.10.05"]
[SourceQuality "1"]
[WhiteTeam "Liege Crelel"]
[BlackTeam "Oostende"]
[WhiteTeamCountry "BEL"]
[BlackTeamCountry "BEL"]

1. c4 g6 2. Nf3 Bg7 3. d4 c5 4. e4 cxd4 5. Nxd4 Nc6 6. Be3 Nf6 7. Nc3 d6 8. f3 Bd7 9. Be2 a6 10. 0-0 Rc8 11. Qd2 Ne5 12. b3 h5 13. Nd5 Nxd5 14. cxd5 0-0 15. h3 Be8 16. Rac1 Nd7 17. Rxc8 Qxc8 18. Rc1 Qb8 19. Qa5 Nf6 20. Qb6 Bd7 21. Rc7 Bc8 22. Nc6 1-0

[Event "Cattolica Vergani Cup"]
[Site "Cattolica"]
[Date "2022.01.04"]
[Round "3"]
[White "Sarrau, Jelle"]
[Black "Bernadskiy, Vitaliy"]
[Result "0-1"]
[WhiteElo "2412"]
[BlackElo "2589"]
[PlyCount "94"]
[EventDate "2022.01.02"]
[EventType "swiss"]
[EventRounds "9"]
[EventCountry "ITA"]
[SourceTitle "EXT 2023"]
[Source "ChessBase"]
[SourceDate "2022.10.05"]
[SourceVersion "1"]
[SourceVersionDate "2022.10.05"]
[SourceQuality "1"]

1. c4 e5 2. g3 Nc6 3. Bg2 d6 4. Nc3 g5 5. d3 Bg7 6. e4 h6 7. Nge2 Nge7 8. 0-0 Nd4 9. Nxd4 exd4 10. Ne2 f5 11. h3 fxe4 12. Bxe4 0-0 13. g4 d5 14. cxd5 Nxd5 15. Qb3 Be6 16. Qxb7 Qd6 17. Qb5 h5 18. Ng3 c6 19. Qa5 hxg4 20. hxg4 Bxg4 21. Bxg5 Ne3 22. Bxe3 dxe3 23. Qg5 exf2+ 24. Kg2 Qf4 25. Qxf4 Rxf4 26. Rxf2 Bh3+ 27. Kxh3 Rxf2 28. Rc1 Rc8 29. Nf5 Rc7 30. Nxg7 Kxg7 31. Rxc6 Rxc6 32. Bxc6 Kf6 33. Kg3 Rxb2 34. a4 Rb6 35. Be8 Ke7 36. Bb5 a5 37. Bc4 Rb4 38. Kf3 Rxa4 39. Ke3 Rb4 40. Kd4 a4 41. Kc3 Rb6 42. Ba2 Kd6 43. Bc4 a3 44. Bb3 Kc5 45. d4+ Kb5 46. d5 Kc5 47. Kc2 Rh6 0-1

[Event "BEL-chT 2122"]
[Site "Belgium"]
[Date "2021.12.05"]
[Round "3.4"]
[White "Sarrau, Jelle"]
[Black "Dourerassou, Jonathan"]
[Result "1-0"]
[WhiteElo "2404"]
[BlackElo "2462"]
[PlyCount "51"]
[EventDate "2021.10.24"]
[EventType "team-tourn"]
[EventRounds "11"]
[EventCountry "BEL"]
[SourceTitle "EXT 2023"]
[Source "ChessBase"]
[SourceDate "2022.10.05"]
[SourceVersion "1"]
[SourceVersionDate "2022.10.05"]
[SourceQuality "1"]
[WhiteTeam "Liege Crelel"]
[BlackTeam "Wachtebeke"]
[WhiteTeamCountry "BEL"]
[BlackTeamCountry "BEL"]

1. c4 e6 2. Nf3 Nf6 3. g3 d5 4. Bg2 Be7 5. 0-0 dxc4 6. Na3 0-0 7. Nxc4 Nbd7 8. b3 a5 9. Bb2 Ra6 10. Qc2 b5 11. Nce5 c5 12. d4 Qc7 13. Rac1 Bb7 14. dxc5 Qxc5 15. Rfd1 Qxc2 16. Rxc2 Nxe5 17. Nxe5 Bxg2 18. Kxg2 Rfa8 19. Nc6 Bf8 20. Bxf6 gxf6 21. Rd7 b4 22. Rc4 Bg7 23. Ne7+ Kh8 24. Nc8 h5 25. Rxf7 f5 26. Rcc7 1-0

[Event "EU-Cup 36th"]
[Site "Struga"]
[Date "2021.09.22"]
[Round "5.1"]
[White "Sarrau, Jelle"]
[Black "Noe, Christopher"]
[Result "1/2-1/2"]
[WhiteElo "2374"]
[BlackElo "2518"]
[PlyCount "90"]
[EventDate "2021.09.18"]
[EventType "team-swiss"]
[EventRounds "7"]
[EventCountry "MKD"]
[SourceTitle "CBM 204 Extra"]
[Source "ChessBase"]
[SourceDate "2021.11.30"]
[SourceVersion "1"]
[SourceVersionDate "2021.11.30"]
[SourceQuality "1"]
[WhiteTeam "Zuid Limburg"]
[BlackTeam "Echternach Sprenger"]
[WhiteTeamCountry "NED"]
[BlackTeamCountry "LUX"]

1. c4 Nf6 2. g3 e6 3. Bg2 d5 4. Nf3 d4 5. 0-0 c5 6. e3 Nc6 7. exd4 cxd4 8. d3 Bd6 9. Bg5 h6 10. Bxf6 Qxf6 11. Nbd2 Qd8 12. Re1 0-0 13. a3 a5 14. Rc1 Re8 15. c5 Bc7 16. Nc4 e5 17. Nfd2 Bf5 18. Ne4 Bxe4 19. Bxe4 a4 20. h4 Qf6 21. Qg4 Rab8 22. Re2 Nd8 23. Rec2 Ne6 24. Nd2 Ba5 25. Nf3 Rec8 26. Bd5 Nd8 27. Re2 Bc7 28. Rc4 Nc6 29. Rxa4 Ne7 30. Be4 b6 31. cxb6 Qxb6 32. Rc4 Bd6 33. Bd5 Rd8 34. Be4 Rf8 35. Qd7 Rfd8 36. Qa4 f5 37. Bc6 e4 38. Nxd4 exd3 39. Rd2 Bxg3 40. fxg3 Rxd4 41. Rxd4 Nxc6 42. R2xd3 Kh7 43. Kf1 Nxd4 44. Qxd4 Qc6 45. Qd5 Qxd5 1/2-1/2

[Event "NED-chT 2122"]
[Site "Netherlands"]
[Date "2021.09.18"]
[Round "1.5"]
[White "Pijpers, Arthur"]
[Black "Sarrau, Jelle"]
[Result "1-0"]
[WhiteElo "2483"]
[BlackElo "2406"]
[PlyCount "105"]
[EventDate "2021.09.18"]
[EventType "team-tourn"]
[EventRounds "9"]
[EventCountry "NED"]
[SourceTitle "EXT 2023"]
[Source "ChessBase"]
[SourceDate "2022.10.05"]
[SourceVersion "1"]
[SourceVersionDate "2022.10.05"]
[SourceQuality "1"]
[WhiteTeam "Leiden LSG"]
[BlackTeam "Zuid Limburg"]
[WhiteTeamCountry "NED"]
[BlackTeamCountry "NED"]

1. e4 e6 2. d4 d5 3. Nc3 Bb4 4. e5 c5 5. a3 Bxc3+ 6. bxc3 Qa5 7. Bd2 Qa4 8. Qg4 Kf8 9. h4 Nc6 10. h5 h6 11. Qd1 c4 12. f4 Bd7 13. g4 Nge7 14. Nf3 Ke8 15. Bh3 Kd8 16. Nh4 g6 17. 0-0 Kc7 18. f5 g5 19. f6 Nc8 20. Nf3 Nb6 21. Nxg5 hxg5 22. Bxg5 Qa5 23. Bd2 Na4 24. Rf3 Rag8 25. Kf2 a6 26. Rg3 Qb6 27. Rb1 Qa7 28. Kg2 Kc8 29. Qf3 Nxd4 30. cxd4 Qxd4 31. Bf4 Bc6 32. Kh2 Nc3 33. Qxc3 Qxf4 34. Rf1 Qg5 35. Qe3 Qxe3 36. Rxe3 d4 37. Re2 c3 38. Rf4 Rd8 39. Bf1 Kc7 40. Re1 Kb6 41. Kg3 Kc5 42. Kh4 Bb5 43. Bxb5 axb5 44. g5 d3 45. cxd3 Rxd3 46. Rc1 Kd5 47. Kg4 Rd2 48. Rxc3 Rg2+ 49. Rg3 Rxg3+ 50. Kxg3 Rxh5 51. g6 Rh8 52. g7 Ra8 53. Rg4 1-0

[Event "EU-Cup 36th"]
[Site "Struga"]
[Date "2021.09.18"]
[Round "1.6"]
[White "Sarrau, Jelle"]
[Black "Berkes, Ferenc"]
[Result "1/2-1/2"]
[WhiteElo "2374"]
[BlackElo "2671"]
[PlyCount "189"]
[EventDate "2021.09.18"]
[EventType "team-swiss"]
[EventRounds "7"]
[EventCountry "MKD"]
[SourceTitle "CBM 204 Extra"]
[Source "ChessBase"]
[SourceDate "2021.11.30"]
[SourceVersion "1"]
[SourceVersionDate "2021.11.30"]
[SourceQuality "1"]
[WhiteTeam "Zuid Limburg"]
[BlackTeam "XtraCon Team"]
[WhiteTeamCountry "NED"]
[BlackTeamCountry "DEN"]

1. c4 c6 2. Nf3 d5 3. g3 Nf6 4. Bg2 dxc4 5. 0-0 Nbd7 6. Qc2 Nb6 7. Na3 g6 8. Nxc4 Nxc4 9. Qxc4 Bg7 10. d3 0-0 11. Bd2 Nd5 12. Rab1 a5 13. a3 a4 14. Ng5 Nc7 15. Ne4 Nb5 16. Nc5 b6 17. Bxc6 Nd6 18. Qf4 Bh3 19. Nxa4 Bxf1 20. Kxf1 Rc8 21. Bf3 Nf5 22. Bg4 e6 23. Bxf5 exf5 24. Nc3 Re8 25. h4 Rc6 26. Qf3 Rce6 27. Re1 h5 28. Kg2 Qd7 29. Kf1 b5 30. Kg2 Rb8 31. Kf1 Ree8 32. Kg2 b4 33. axb4 Rxb4 34. Nd5 Rxb2 35. Be3 Qa4 36. Nf4 Rc8 37. Rc1 Rxc1 38. Bxc1 Rb1 39. Be3 Qd1 40. Kh2 Qg1+ 41. Kh3 Qf1+ 42. Qg2 Be5 43. Qxf1 Rxf1 44. Kg2 Re1 45. Kf3 Kg7 46. Bd2 Rd1 47. Be3 f6 48. Nh3 Kf7 49. Bb6 Bd6 50. Bd4 Rh1 51. Kg2 Rb1 52. Kf3 Rb3 53. Be3 Be7 54. Bf4 Rc3 55. Bd2 Rc8 56. Be3 Ra8 57. Bd2 Bc5 58. Bf4 Ra2 59. Bc1 Bb6 60. Bf4 Ra8 61. Bd2 Rd8 62. Bc1 Bc5 63. Bd2 Bf8 64. Be3 Rd7 65. Bd2 Kg8 66. Be3 Kh7 67. Nf4 Rb7 68. Bd4 Bg7 69. Ne6 Bh8 70. Be3 Rb8 71. Nf4 Ra8 72. Ne6 Ra6 73. Nf4 Bg7 74. Bd4 Rd6 75. Bc5 Rc6 76. Be3 Bh6 77. Bd4 Kg7 78. Be3 Ra6 79. Bd4 Kf7 80. Be3 Ra4 81. Nd5 g5 82. Kg2 Ra5 83. Nc3 Kg6 84. Bb6 Ra6 85. Nd5 Bf8 86. e4 Bd6 87. Bd8 gxh4 88. gxh4 fxe4 89. dxe4 Ra2 90. Bxf6 Bc5 91. Bg5 Bxf2 92. Kf3 Be1 93. Nf4+ Kf7 94. Nxh5 Rh2 95. Kg4 1/2-1/2

[Event "Mittelrhein Regionalliga 18/19"]
[Site "Nordrheinwestfalen"]
[Date "2019.03.10"]
[Round "8.1"]
[White "Sarrau, Jelle"]
[Black "Coenen, Norbert"]
[Result "1-0"]
[WhiteElo "2368"]
[BlackElo "2232"]
[PlyCount "79"]
[EventDate "2018.10.28"]
[EventType "team-tourn"]
[EventRounds "11"]
[EventCountry "GER"]
[SourceTitle "EXT 2022"]
[Source "ChessBase"]
[SourceDate "2021.10.06"]
[SourceVersion "1"]
[SourceVersionDate "2021.10.06"]
[SourceQuality "1"]
[WhiteTeam "Wuerselen"]
[BlackTeam "Aachen SV II"]
[WhiteTeamCountry "GER"]
[BlackTeamCountry "GER"]

1. Nf3 Nf6 2. c4 c5 3. Nc3 d5 4. cxd5 Nxd5 5. e3 Nxc3 6. bxc3 g6 7. Be2 Bg7 8. 0-0 0-0 9. d4 b6 10. a4 Nc6 11. Ba3 Qc7 12. dxc5 Na5 13. cxb6 axb6 14. Nd4 Bb7 15. Bf3 Bxf3 16. Qxf3 Nc4 17. Qc6 Rfc8 18. Qxc7 Rxc7 19. Nb5 Rd7 20. Bb4 f5 21. g3 Kf7 22. Ra2 Nd2 23. Rfa1 Nb3 24. Re1 g5 25. Nd4 Nxd4 26. exd4 Rda7 27. Kf1 e5 28. dxe5 Rxa4 29. Rd2 Ra1 30. e6+ Kf6 31. e7 Rxe1+ 32. Kxe1 Re8 33. Rd7 Ke6 34. Rb7 Kd5 35. Rxb6 Bxc3+ 36. Bxc3 Rxe7+ 37. Kd2 Ke4 38. Ke2 g4 39. Rb4+ Kd5+ 40. Kd3 1-0

[Event "Mittelrhein Regionalliga 18/19"]
[Site "Nordrheinwestfalen"]
[Date "2018.12.16"]
[Round "5.1"]
[White "Rechmann, Peter"]
[Black "Sarrau, Jelle"]
[Result "0-1"]
[WhiteElo "2236"]
[BlackElo "2368"]
[PlyCount "144"]
[EventDate "2018.10.28"]
[EventType "team-tourn"]
[EventRounds "11"]
[EventCountry "GER"]
[SourceTitle "EXT 2022"]
[Source "ChessBase"]
[SourceDate "2021.10.06"]
[SourceVersion "1"]
[SourceVersionDate "2021.10.06"]
[SourceQuality "1"]
[WhiteTeam "Langenfeld"]
[BlackTeam "Wuerselen"]
[WhiteTeamCountry "GER"]
[BlackTeamCountry "GER"]

1. c4 Nf6 2. Nf3 c5 3. Nc3 b6 4. d4 cxd4 5. Nxd4 Bb7 6. f3 e6 7. e4 d6 8. Be2 Be7 9. 0-0 0-0 10. Be3 a6 11. Qd2 Nbd7 12. a4 Rb8 13. Rfc1 Re8 14. Bf1 Bf8 15. Bf2 Ne5 16. Nc2 Rc8 17. Ne3 Nh5 18. Ne2 Qg5 19. Nd4 Nf6 20. Rd1 Qg6 21. a5 bxa5 22. Rxa5 Rc5 23. b4 Rxa5 24. bxa5 Nfd7 25. Kh1 Nc5 26. Rb1 Bxe4 27. Rb6 Bd3 28. Bxd3 Qxd3 29. Qxd3 Nexd3 30. Bg3 Ne5 31. Nb3 Nxb3 32. Rxb3 Ra8 33. Kg1 Nc6 34. Rb6 Nxa5 35. Bxd6 Bxd6 36. Rxd6 Nb3 37. Rb6 Nc5 38. Rc6 Nd7 39. Rc7 Nf6 40. c5 Kf8 41. c6 a5 42. Rb7 Rc8 43. Ra7 Rxc6 44. Rxa5 Rc7 45. Kf2 Ke7 46. Ke2 Rb7 47. Nc4 Nd5 48. Kf2 Rc7 49. Ra4 g5 50. Kg3 f5 51. h4 h6 52. hxg5 hxg5 53. Kf2 Kf6 54. g3 Rc5 55. Ke1 Rc6 56. Kf2 Rc8 57. Kg1 Nc3 58. Rb4 Ra8 59. Rb2 Ra1+ 60. Kg2 Nd5 61. Nb6 Ne3+ 62. Kh2 Rd1 63. Re2 f4 64. gxf4 gxf4 65. Na4 Rf1 66. Nc3 Rxf3 67. Ne4+ Kf5 68. Nd6+ Kg4 69. Nf7 Rh3+ 70. Kg1 Rg3+ 71. Kh2 Kf3 72. Ra2 Ng4+ 0-1

[Event "Ghent Eastman op 41st"]
[Site "Ghent"]
[Date "2018.07.18"]
[Round "9"]
[White "Malakhatko, Vadim"]
[Black "Sarrau, Jelle"]
[Result "1/2-1/2"]
[WhiteElo "2499"]
[BlackElo "2366"]
[PlyCount "94"]
[EventDate "2018.07.14"]
[EventType "swiss"]
[EventRounds "9"]
[EventCountry "BEL"]
[SourceTitle "CBM 185 Extra"]
[Source "ChessBase"]
[SourceDate "2018.07.29"]
[SourceVersion "1"]
[SourceVersionDate "2018.07.29"]
[SourceQuality "1"]

1. c4 Nf6 2. d4 e6 3. Nf3 d5 4. g3 dxc4 5. Bg2 a6 6. 0-0 Nc6 7. e3 Rb8 8. Qe2 b5 9. a4 Be7 10. axb5 axb5 11. b3 cxb3 12. Nbd2 0-0 13. Nxb3 Bb7 14. Bb2 Nb4 15. Rfc1 Bd5 16. Nfd2 Bxg2 17. Kxg2 Rb6 18. e4 Nd7 19. Ra5 Qb8 20. Ba3 Nc6 21. Rxc6 b4 22. Bxb4 Bxb4 23. Ra6 Bxd2 24. Nxd2 Rb2 25. Ra3 Nf6 26. Rd3 h6 27. Qf3 Qb7 28. Rc1 Ra8 29. Nc4 Rb1 30. Rxb1 Qxb1 31. Nd2 Qb4 32. Qe3 Ra2 33. h3 Qa5 34. Nb3 Qb6 35. Nc5 Qb2 36. Rb3 Qc2 37. Rc3 Qb1 38. Qc1 Qb5 39. Rc2 Ra8 40. Rb2 Qc6 41. Qf4 Rd8 42. Qe3 Ra8 43. Qf3 Rd8 44. Qe3 Ra8 45. Kh2 Nd7 46. Nxd7 Qxd7 47. Rc2 Ra4 1/2-1/2

[Event "Ghent Eastman op 41st"]
[Site "Ghent"]
[Date "2018.07.15"]
[Round "4"]
[White "Sarrau, Jelle"]
[Black "Vermaat, Marcel"]
[Result "1-0"]
[WhiteElo "2366"]
[BlackElo "2138"]
[PlyCount "73"]
[EventDate "2018.07.14"]
[EventType "swiss"]
[EventRounds "9"]
[EventCountry "BEL"]
[SourceTitle "CBM 185 Extra"]
[Source "ChessBase"]
[SourceDate "2018.07.29"]
[SourceVersion "1"]
[SourceVersionDate "2018.07.29"]
[SourceQuality "1"]

1. Nf3 c5 2. g3 g6 3. Bg2 Bg7 4. 0-0 Nc6 5. e4 Nf6 6. Re1 0-0 7. c3 d6 8. h3 Rb8 9. d4 Qc7 10. Bf4 e5 11. dxe5 dxe5 12. Bg5 h6 13. Bxf6 Bxf6 14. Nbd2 Be6 15. Nf1 Rfd8 16. Qe2 b5 17. Qe3 c4 18. Qxh6 b4 19. Ne3 Bg7 20. Qg5 Ne7 21. Bf1 f6 22. Qh4 Kf7 23. g4 Rh8 24. Qg3 g5 25. Nd4 Bd7 26. Rad1 bxc3 27. bxc3 Ng6 28. Nd5 Qc5 29. Nf5 Bc6 30. Bxc4 Bf8 31. Qd3 Bb5 32. Bxb5 Rxb5 33. Rb1 Rxb1 34. Rxb1 Nf4 35. Nxf4 gxf4 36. Qd7+ Kg6 37. Rb7 1-0

[Event "Ghent Eastman op 41st"]
[Site "Ghent"]
[Date "2018.07.14"]
[Round "1"]
[White "Bauwens, Steven"]
[Black "Sarrau, Jelle"]
[Result "0-1"]
[WhiteElo "1802"]
[BlackElo "2366"]
[PlyCount "148"]
[EventDate "2018.07.14"]
[EventType "swiss"]
[EventRounds "9"]
[EventCountry "BEL"]
[SourceTitle "CBM 185 Extra"]
[Source "ChessBase"]
[SourceDate "2018.07.29"]
[SourceVersion "1"]
[SourceVersionDate "2018.07.29"]
[SourceQuality "1"]

1. b3 e5 2. Bb2 Nc6 3. g3 d5 4. Bg2 Nf6 5. e3 Bg4 6. Qc1 Bd6 7. h3 Bf5 8. d3 e4 9. d4 h5 10. a3 Ne7 11. c4 c6 12. Nc3 a6 13. Qd2 Be6 14. c5 Bc7 15. 0-0-0 b6 16. Nge2 Nd7 17. Na4 b5 18. Nac3 a5 19. Nb1 Ng6 20. Qc2 Qg5 21. Rdg1 Nf6 22. Nd2 Ne7 23. Kb1 Nf5 24. Nf4 Bc8 25. h4 Qh6 26. Bh3 Ne7 27. Bxc8 Rxc8 28. Nh3 Ng4 29. Bc1 Qf6 30. Rg2 Nf5 31. Nf1 Qe7 32. Qe2 Kd7 33. Rgg1 Rcg8 34. Bb2 Rh6 35. Bc1 Kd8 36. Qd2 a4 37. b4 Rf6 38. Nf4 Rh8 39. Qe2 Bxf4 40. gxf4 Rg6 41. Ng3 Qe6 42. Bb2 Qf6 43. Nxe4 Qe7 44. Ng5 f6 45. Rxg4 hxg4 46. Qxg4 fxg5 47. Qxf5 Rf6 48. Qe5 Qxe5 49. dxe5 Rfh6 50. fxg5 Rxh4 51. Rxh4 Rxh4 52. f4 g6 53. f5 gxf5 54. e6 Ke7 55. g6 Rh1+ 56. Ka2 Rg1 57. g7 Kxe6 58. Bd4 Rg2+ 59. Kb1 Kf7 60. Kc1 Rf2 61. Kb1 f4 62. exf4 Rxf4 63. Be5 Re4 64. Bc3 Re2 65. Bd4 Rg2 66. Kc1 Ke6 67. Kb1 Kf5 68. Bc3 Ke4 69. Bf6 Kd3 70. Be5 Kc4 71. Bb2 d4 72. Bc1 Rxg7 73. Ka1 Kb3 74. Kb1 Rg1 0-1

[Event "Ghent Eastman op 40th"]
[Site "Ghent"]
[Date "2017.07.17"]
[Round "5"]
[White "Chatalbashev, Boris"]
[Black "Sarrau, Jelle"]
[Result "1-0"]
[WhiteElo "2552"]
[BlackElo "2363"]
[PlyCount "87"]
[EventDate "2017.07.15"]
[EventType "swiss"]
[EventRounds "9"]
[EventCountry "BEL"]
[SourceTitle "CBM 179 Extra"]
[Source "ChessBase"]
[SourceDate "2017.08.23"]
[SourceVersion "1"]
[SourceVersionDate "2017.08.23"]
[SourceQuality "1"]

1. c4 Nf6 2. g3 c6 3. Nf3 d5 4. d4 Bf5 5. Nc3 e6 6. Nh4 Bg4 7. Qb3 Qb6 8. h3 Bh5 9. c5 Qc7 10. Bf4 Qc8 11. g4 Bg6 12. Bg2 Nbd7 13. Nxg6 hxg6 14. Qd1 Be7 15. b4 a6 16. 0-0 Bd8 17. e3 Bc7 18. Bxc7 Qxc7 19. f4 b6 20. Qe2 a5 21. a3 axb4 22. axb4 0-0 23. Ra6 Ra7 24. Rfa1 Rfa8 25. g5 Nh5 26. Rxa7 Rxa7 27. Rxa7 Qxa7 28. Qa2 Qxa2 29. Nxa2 b5 30. Kf2 Kf8 31. Bf1 Nb8 32. Nc1 Na6 33. Nd3 Ke7 34. Be2 Ke8 35. Kf3 Ke7 36. Kg4 Kf8 37. Kh4 Ke7 38. Bxh5 gxh5 39. Kxh5 Kf8 40. Kg4 Ke7 41. h4 Kf8 42. h5 Ke7 43. f5 exf5+ 44. Kxf5 1-0

[Event "Ghent Eastman op 40th"]
[Site "Ghent"]
[Date "2017.07.15"]
[Round "2"]
[White "Sarrau, Jelle"]
[Black "Hagendijk, Klaas"]
[Result "1-0"]
[WhiteElo "2363"]
[BlackElo "2029"]
[PlyCount "39"]
[EventDate "2017.07.15"]
[EventType "swiss"]
[EventRounds "9"]
[EventCountry "BEL"]
[SourceTitle "CBM 179 Extra"]
[Source "ChessBase"]
[SourceDate "2017.08.23"]
[SourceVersion "1"]
[SourceVersionDate "2017.08.23"]
[SourceQuality "1"]

1. Nf3 Nf6 2. c4 b6 3. g3 Bb7 4. Bg2 g6 5. 0-0 Bg7 6. d4 0-0 7. d5 c6 8. Nc3 cxd5 9. cxd5 d6 10. Nd4 Na6 11. Bf4 Nh5 12. Be3 Nc7 13. Qb3 Kh8 14. a4 Rb8 15. Ncb5 a6 16. Na7 Qd7 17. Nac6 Bxc6 18. Nxc6 Rb7 19. Rac1 a5 20. Nxa5 1-0

[Event "Mittelrhein Verbandsliga-W 16/17"]
[Site "Nordrheinwestfalen"]
[Date "2017.03.19"]
[Round "9.1"]
[White "Henrotte, Nils"]
[Black "Sarrau, Jelle"]
[Result "0-1"]
[WhiteElo "1883"]
[BlackElo "2327"]
[PlyCount "60"]
[EventDate "2016.09.11"]
[EventType "team-tourn"]
[EventRounds "11"]
[EventCountry "GER"]
[SourceTitle "EXT 2022"]
[Source "ChessBase"]
[SourceDate "2021.10.06"]
[SourceVersion "1"]
[SourceVersionDate "2021.10.06"]
[SourceQuality "1"]
[WhiteTeam "Eschweiler SC"]
[BlackTeam "Wuerselen II"]
[WhiteTeamCountry "GER"]
[BlackTeamCountry "GER"]

1. d4 Nf6 2. Bf4 e6 3. e3 c5 4. c3 Nc6 5. Nd2 d5 6. Ngf3 Nh5 7. Bg5 Qb6 8. Qb3 h6 9. Qxb6 axb6 10. Bh4 g5 11. Bg3 Nxg3 12. hxg3 Bg7 13. a3 Ke7 14. Bd3 Bd7 15. 0-0 c4 16. Be2 b5 17. e4 f5 18. exd5 exd5 19. Ne1 Kd6 20. Nc2 h5 21. Rfe1 Bf6 22. f3 f4 23. g4 Be8 24. Kf2 Bg6 25. Nb4 Rae8 26. gxh5 Rxh5 27. Rh1 Nxd4 28. Nxc4+ bxc4 29. Rxh5 Rxe2+ 30. Kf1 Bxh5 0-1

[Event "Ghent Taminco op 39th"]
[Site "Ghent"]
[Date "2016.07.18"]
[Round "6"]
[White "Becx, Cesar"]
[Black "Sarrau, Jelle"]
[Result "1-0"]
[WhiteElo "2095"]
[BlackElo "2373"]
[PlyCount "59"]
[EventDate "2016.07.16"]
[EventType "swiss"]
[EventRounds "9"]
[EventCountry "BEL"]
[SourceTitle "CBM 173 Extra"]
[Source "ChessBase"]
[SourceDate "2016.08.29"]
[SourceVersion "1"]
[SourceVersionDate "2016.08.29"]
[SourceQuality "1"]

1. f4 d5 2. Nf3 g6 3. g3 Bg7 4. Bg2 c5 5. 0-0 Nc6 6. d3 e6 7. e4 Nge7 8. c4 dxe4 9. dxe4 Qxd1 10. Rxd1 Nd4 11. Nc3 Nxf3+ 12. Bxf3 Bxc3 13. bxc3 Bd7 14. f5 0-0-0 15. Bg5 Rhe8 16. fxg6 hxg6 17. e5 b6 18. Rf1 Ba4 19. Be4 Rd7 20. Rxf7 Nc6 21. Rxd7 Kxd7 22. Bf6 Rg8 23. h4 Ke8 24. g4 Na5 25. Bd3 Bc6 26. Rf1 Bb7 27. g5 Kf7 28. h5 gxh5 29. Bh7 Nxc4 30. Bh8+ 1-0

[Event "Ghent Taminco op 38th"]
[Site "Ghent"]
[Date "2015.07.18"]
[Round "1"]
[White "Van de Gevel, Ed"]
[Black "Sarrau, Jelle"]
[Result "0-1"]
[WhiteElo "1816"]
[BlackElo "2359"]
[PlyCount "76"]
[EventDate "2015.07.18"]
[EventType "swiss"]
[EventRounds "9"]
[EventCountry "BEL"]
[SourceTitle "CBM 167 Extra"]
[Source "ChessBase"]
[SourceDate "2015.09.14"]
[SourceVersion "1"]
[SourceVersionDate "2015.09.14"]
[SourceQuality "1"]

1. e4 c5 2. Nf3 d6 3. c3 Nf6 4. Bd3 Nc6 5. h3 g6 6. 0-0 Bg7 7. Bc2 0-0 8. d3 b5 9. a3 Bb7 10. Bg5 a5 11. Nbd2 Nd7 12. Re1 b4 13. axb4 axb4 14. Rxa8 Bxa8 15. cxb4 Nxb4 16. Nc4 Nb8 17. Bb3 N8c6 18. Qd2 Qc7 19. Bh6 Rb8 20. Bxg7 Kxg7 21. d4 cxd4 22. Nxd4 Qa7 23. Nxc6 Nxc6 24. Qc3+ Qd4 25. Ba4 Qxc3 26. bxc3 Nd8 27. Re3 Ne6 28. Kh2 Rb1 29. Kg3 Nc5 30. Bc2 Rc1 31. Na3 Bb7 32. f3 Ba6 33. Bb1 g5 34. h4 h6 35. hxg5 hxg5 36. Kg4 Kf6 37. g3 Bc8+ 38. Kh5 Rh1# 0-1